Rocznik Biblioteki Narodowej

Bibliographic Details
Format: Serial
Language:Polish
PhysicalDescription:zv. fotogr. 24 cm
Published: Warszawa Biblioteka Narodowa
ISBN:8370091687
8370092144
8370093396
8370095526 (borž. : r. 2003)
8370094201 (brož. : r. 2004)
837009581X (brož. : r. 2006)
ISSN:0083-7261

MARC

LEADER 00000nas a2200000 a 4500
001 vtls001292673
003 SK-MaSNL
005 20260221123933.0
008 970630c19uu9999pl ar 0 0b0pol
020 |a 8370091687  |c [120,00] 
020 |a 8370092144  |c [220,00] 
020 |a 8370093396 
020 |a 8370095526 (borž. : r. 2003) 
020 |a 8370094201 (brož. : r. 2004) 
020 |a 837009581X (brož. : r. 2006) 
022 |a 0083-7261 
035 |a SNK000244419 
040 |a SNK  |b slo  |c SNK  |e AACR2 
041 0 |a pol 
044 |a pl  |c PL 
245 1 |a Rocznik Biblioteki Narodowej 
246 1 |a The National Library Yearbook 
260 |a Warszawa  |b Biblioteka Narodowa 
300 |a zv.  |b fotogr.  |c 24 cm 
310 |a 1x ročne 
500 |a Pois podľa: R. 2003 
910 |a snk 
919 |a 83-7009-168-7 
919 |a 83-7009-214-4 
919 |a 83-7009-339-6 
919 |a 83-7009-552-6 
919 |a 83-7009-420-1 
919 |a 83-7009-581-X 
999 |c 11293  |d 13223 
952 |0 0  |1 1  |4 0  |7 0  |8 2  |a SNK  |b SNK  |d 2005-09-27  |g 9.29  |i snk2005/16017  |l 0  |o snkČC 2186/36/2004  |p 17A0477485  |r 2026-02-21 19:29:54  |w 2026-02-21  |y PREZ 
952 |0 0  |1 1  |4 0  |7 0  |8 2  |a SNK  |b SNK  |d 1997-07-03  |i snkV 1754/97  |l 0  |o snkČC 2186/30-31/1994-1995  |p 17A0072102  |r 2005-01-02 00:00:00  |w 2026-02-21  |y PREZ 
952 |0 0  |1 1  |4 0  |7 0  |8 2  |a SNK  |b SNK  |d 2003-05-06  |g 8.96  |i snkV 822/2003  |l 0  |o snkČC 2186/33-34/2001  |p 17A0380668  |r 2005-01-02 00:00:00  |w 2026-02-21  |y PREZ 
952 |0 0  |1 1  |4 0  |7 0  |8 2  |a SNK  |b SNK  |d 1998-09-23  |i snkV 1098/98  |l 0  |o snkČC 2186/32/1996  |p 17A0158165  |r 2005-01-02 00:00:00  |w 2026-02-21  |y PREZ 
952 |0 0  |1 1  |4 0  |7 0  |8 2  |a SNK  |b SNK  |d 2007-01-18  |g 14.94  |i snk2007/1604  |l 0  |o snkČC 2186/37-38/2006  |p 17A0524748  |r 2026-02-21 20:14:04  |w 2026-02-21  |y PREZ 
952 |0 0  |1 1  |4 0  |7 0  |8 2  |a SNK  |b SNK  |d 2005-09-27  |g 10.62  |i snk2005/16016  |l 0  |o snkČC 2186/35/2003  |p 17A0477484  |r 2026-02-21 21:40:30  |w 2026-02-21  |y PREZ